MDQL
is popping MORE tags! Check the
thread
!
Quizzes
Events
Quiz Creation
Community
Videos
Private Events
Remove Ads
Sign In
Join for FREE
Feedback
Dark Mode
Quiz Categories
Sports
Geography
Music
Movies
Television
Just For Fun
Miscellaneous
History
Literature
Language
Science
Gaming
Entertainment
Religion
Holiday
For Kids
Quiz Lab
Recent
Popular Today
Quiz Kudos Today
Editor Picks
Curator Picks
Quizzes by...
Day
Popularity
Type
Ratings
Length
Year
Community
Subscriptions
Recent Discussions
Orange Saloon
Badges
Playlists
Quests
Create
Leaderboards
Showdown
Live 5
Trivia Bingo
Activity
Puzzle Library
Sporcle Events
Private Events
Virtual Trivia
Globe League
Become a Host
Pub Owners
SporcleCon
Opinionation
Our Games
Videos
Blog
Mobile Apps
Partnerships
Remove Ads and Go Orange
Feedback
History
US Presidents
World Leaders
Politics
Nation
Discovery
War
Decade
Year
Century
Biography
Art
History
US Presidents
World Leaders
Politics
Nation
Discovery
War
Decade
Year
Century
Biography
Art
Random Quiz
Search Sporcle
×
Quiz Lab
Quiz Lab
History
Anglo-Saxon
Type in answers that appear in a list
Type in answers that appear in a list
Classic
Best Score? Go Orange.
Anglo-saxon tribes Stats
Can you name the anglo-saxon tribes
By
brickman
10m
31 Questions
59 Plays
59 Plays
59 Plays
Comments
Comments
Give Quiz Kudos
Give Quiz Kudos
-
- Ratings
hide this ad
Replay
Link that replays current quiz
Next Quiz
Link to next quiz in quiz playlist
You Got
0%
They Got
Avg Score
26%
Avg Friend Score
Upgrade to see
Score Distribution
Jump to the score distribution portion of the page
Score
0/31
Timer
10:00
0
Plays Today
Hint
Answer
% Correct
a kingdom of the Heptarchy
Sussex
98.3%
a kingdom of the Heptarchy
Wessex
96.6%
a kingdom of the Heptarchy
Essex
93.2%
a kingdom of the Heptarchy
Kent
88.1%
a kingdom of the Heptarchy
Mercia
83.1%
a kingdom of the Heptarchy
East Anglia
71.2%
an island south of the solent
Wight
45.8%
a kingdom based on lincoln
Lindsey
39%
a county south of london
Surrey
33.9%
a county north of london
Hitchin
25.4%
a county to the west of london
Unecunga
23.7%
a kingdom on the severn estuary
Hwicce
22%
a city in western england
Hereford
16.9%
a kingdom in the pennines
Elmet
10.2%
a range of hills to the northeast of london
Chilterns
10.2%
a town in shropshire
Wrocansaet
8.5%
Hint
Answer
% Correct
a town in lincolnshire
Spalding
6.8%
a town in oxfordshire
Charlbury
6.8%
a river in Warwickshire
Arrowset
5.1%
near peterborough
South Gyrwe
3.4%
as above
North Grywe
3.4%
in huntingdonshire
Sweod ora
3.4%
in Cambridgeshire
East Wisbech
1.7%
as above
West Wisbech
1.7%
a town in Norfolk
Wiggenhall
1.7%
the people of a huntingdonshire town
Hyrstingas
1.7%
the people of a buckinghamshire river
Ivel
1.7%
what is now between northamptonshire and rutland
Bilmiga
1.7%
in what is now northamptonshire
Widerigga
1.7%
as above, as well as in the fens
Westwilla
1.7%
in what is now northamptonshire
Eastwilla
1.7%
Quiz Playlist
Details
Report
Send in Message
Add To Playlist
Classic:
Type in answers that appear in a list
Last Updated: Feb 16, 2017
Quiz Scoreboard
CHALLENGE
Sign Up to Join the Scoreboard
Show All
Scores
Hide
Comments
May contain spoilers
Recently Published
Find the 'City' Movie
by crazypaving
Movies
60s
5x2 Blitz: Bands
by SL_Kpop136
Music
30s
Colored Red Africa Blitz
by spor1
Geography
30s
More to Explore
Quiz From the Vault
Featured Blog Post
14 Easter Pick-up Lines to Find Eggs With
hide this ad
You Might Also Like...
Tags
Anglo-Saxon
tribe
Today's Top Quizzes in History
Browse History
hide this ad
Top Contributed Quizzes in History
1
Popular People in 1991
2
US National Parks Named After People
3
Popular People in 1951
4
Order Up: 1000 Years of World Events I
5
Popular People in 1941
6
Popular People in 1981
7
Popular People in 1986
8
Popular People in 1921
9
Popular People in 1976
10
Magic 10 Blitz: U.S. Presidents
Explore More
Trending Topics
Marvel
Crossword
NBA
Disney
Harry Potter
Kpop
Anime
The Office
Country
Soccer
NFL
Pokémon
WWE
Song
Puzzle
hide this ad
More By:
brickman
Quiz
Plays
Rating
Category
Featured
Created
All the Pharaohs of Egypt
1,822
3.67
History
Apr 19, 2014
Rome 2 Total War factions
725
4.50
Gaming
May 1, 2014
Byzantine Themes (provinces)
464
4.33
History
May 3, 2014
rulers of persia
451
3.50
History
Apr 19, 2014
Crusader state rulers
287
4.50
History
Apr 19, 2014
Go to Creator's Profile
Score Distribution
Quiz Creator Spotlight
brickman
Follow
Send a Message
Quizzes Created
-
Created Quiz Play Count
-
More By This Creator
Popular Quizzes Today
1
Colored Red Africa Blitz
2
Find the US States - No Outlines Minefield
3
Find the 'City' Movie
4
5x2 Blitz: Bands
5
The Countries of the World
6
Find the US States
7
US States
8
9x9 Crossword: Cartoon Network
More History Quizzes
Click the Female Prime Ministers of the UK
Curator's Pick
Trending Quizzes
Colored Red Europe Blitz I
Colored Red Europe Blitz II
Colored Red Africa Blitz II
Colored Red Africa Blitz III
Colored Red Europe Blitz III
Recently Updated
Godzilla Movies
pecheneg
Grab Bag: 4-10 Letters
pecheneg
2024 March Madness Bracket
pecheneg
Famous TV Couples
Peacemaker
Champions League XIs: Real Madrid
pecheneg
Largest US Cities 1790-2010
pecheneg
Rides in Walt Disney World
pecheneg
Most Oscar Losses (Acting)
pecheneg
Beyoncé Albums
pecheneg
Leaping Animals
pecheneg
Trending Topics
Harry Potter
Disney
NBA
Kpop
Crossword
Marvel
Anime
Soccer
The Office
Country
Song
NFL
Pokémon
Puzzle
WWE
Your Account Isn't Verified!
In order to create a playlist on Sporcle, you need to verify the email address you used during registration. Go to your
Sporcle Settings
to finish the process.
Report this User
Report this user for behavior that violates our
Community Guidelines
.
Details:
Send Report
Go to the Sporcle.com Mobile Site →
Comments